00564 a2200169 4500010001400000020002600014035001300040037001600053082001100069100002400080245013100104260004800235270004000283300003000323490002000353500002100373 aENG-88884 c225.00a9788123751849 aEN-72417 bDBAD / PUB14a509.541 aBhargava, Pushpa M.1 aAngels, devil and science :cby Pushpa M. Bhargava [and] Chandana Chakrabartiba collection of articles on scientific temper / aNew DelhibNational Book Trust, Indiac2007 aA-5, Green ParkbNew Delhie110 016 axiii, 283p. :c22cm (Hb) aPopular science aIncludes index